| 000 | 00904cam a2200253 i 4500 | ||
|---|---|---|---|
| 003 | SA-RiAUC | ||
| 005 | 20250924051640.0 | ||
| 008 | 250810s1988 ku g 000k0 ara c | ||
| 040 |
_aSA-RiAUC _bara _cSA-RiAUC _erda |
||
| 082 | 0 | 4 | _a259 |
| 090 |
_a259 _bا ش ق |
||
| 100 | 1 |
_aالأشقر، محمد، _d1930-2009 _eمؤلف. |
|
| 245 | 1 | 2 |
_aالفتيا ومناهج الإفتاء / _cمحمد سليمان عبد الله الأشقر. |
| 250 | _aالطبعة الثانية، منقحة. | ||
| 264 | 1 |
_aالكويت : _bالدار السلفية، _c1988. |
|
| 300 |
_a168 صفحة ؛ _c20 سم |
||
| 336 |
_aنص _btxt _2rdacontent _3كتاب |
||
| 337 |
_aبدون وسيط _bn _2rdamedia |
||
| 338 |
_aمجلد _bnc _2rdacarrier |
||
| 650 | 7 |
_aالإفتاء _2aucsh |
|
| 650 | 7 |
_aالفقه الإسلامي _2aucsh |
|
| 942 |
_2ddc _cBOOK _n0 |
||
| 949 |
_aSA-JeALM _d250810 _umohamedma123 _n1 |
||
| 999 |
_c12068 _d12068 |
||